Переходные режимы короткозамкнутого асинхронного двигателя нормального исполнения; Научно-техническая конференция, посвященная 25-летию Великой Октябрьской социалистической революции, Томск 3-6 декабря 1942 г.

Bibliografiske detaljer
Parent link:Научно-техническая конференция, посвященная 25-летию Великой Октябрьской социалистической революции, Томск 3-6 декабря 1942 г..— 1942.— С. 60
Hovedforfatter: Кулеев И. Г. Иван Гаврилович
Sprog:russisk
Udgivet: 1942
Serier:Энергетическая секция
Fag:
Format: MixedMaterials Book Chapter
KOHA link:https://koha.lib.tpu.ru/cgi-bin/koha/opac-detail.pl?biblionumber=176832

MARC

LEADER 00000naa2a2200000 4500
001 176832
005 20231101223310.0
035 |a (RuTPU)RU\TPU\book\191725 
035 |a RU\TPU\tpu\4654 
090 |a 176832 
100 |a 20100304d1942 k y0rusy50 ca 
101 0 |a rus 
102 |a RU 
200 1 |a Переходные режимы короткозамкнутого асинхронного двигателя нормального исполнения  |f И. Г. Кулеев 
225 1 |a Энергетическая секция 
463 0 |0 (RuTPU)RU\TPU\book\175283  |t Научно-техническая конференция, посвященная 25-летию Великой Октябрьской социалистической революции, Томск 3-6 декабря 1942 г.  |o тезисы докладов  |f Томский индустриальный институт (ТИИ) ; под ред. К. Н. Шмаргунов ; М. К. Коровин  |v С. 60  |d 1942  |p 74 с. 
610 1 |a электрические машины 
610 1 |a труды учёных ТПУ 
610 1 |a электропривод 
700 1 |a Кулеев  |b И. Г.  |c зав. кафедрой ЭМ и ЭПП ТПИ  |c выпускник ТТИ по электромеханической специальности 1930 г.  |f 1904-1958  |g Иван Гаврилович  |2 stltpush  |3 (RuTPU)RU\TPU\pers\22827  |9 9805 
801 0 |a RU  |b 63413507  |c 20011210  |g PSBO 
801 2 |a RU  |b 63413507  |c 20100311  |g PSBO 
942 |c BK